| 000 | 01671nam a22003377a 4500 | ||
|---|---|---|---|
| 003 | DO-SdBNP | ||
| 005 | 20231215111946.0 | ||
| 008 | 210426b 2021 dr 00| 0 spa d | ||
| 020 | _a9789945178586 | ||
| 040 |
_aBPMSU _bspa _cBPMSU |
||
| 082 | 4 |
_aRD863.5 _bP649v 2021 _222 |
|
| 092 | _a | ||
| 100 | 1 |
_aPinedans, Denise _d |
|
| 245 | 1 | 0 |
_aVladimir, un guerrero / _c Denise Pineda, Mónica Volonteri ; ilustración: Henry Cid ; investigación: Laura V. Sánchez-Vincitore ; coordinación pedagógica: Cledenin Veras |
| 260 |
_aSanto Domingo: _bAgencia de los Estados Unidos para el Desarrollo Internacional (USAID) ; _bUniversidad Iberoamericana (UNIBE), _c2021 |
||
| 300 |
_a40 p. : _bils. ; _c21 cm. |
||
| 490 | 0 |
_aLa liga de la esperanza, _v14 |
|
| 500 | _3 | ||
| 505 | 0 | _aTipologías textuales-- Narraciones literaria -- diálogo -- Charla -- Anécdota | |
| 520 | _a Vladimir Guerrero va a dar una charla para todos los equipos infantiles de beisbol. Maicol, el hermano de Yoel, quiere llevar a su equipo pero necesita el dinero para la guagua. Con el apoyo de una iglesia, la Liga de la Esperanza reúne el dinero para el viaje. El día tan esperado llega y descubren que todos son guerreros, como Vladimir. | ||
| 590 | _aInventariado, 2023/VM | ||
| 650 | 4 | _aCuentos juveniles taiwaneses | |
| 650 | 4 |
_a Virus _vCuentos |
|
| 650 | 4 | _aLiteratura juvenil taiwanesa | |
| 700 | 1 |
_3Volonterí Varan, María Mónica, _d1964- _eautor |
|
| 700 | 1 |
_aCid, Mónica _eilustrador |
|
| 700 | 1 |
_3Sánchez-Vincitore, Laura V. _einvestigadora |
|
| 700 | 1 |
_3Veras, Cledenin _einvestigador pedagógico |
|
| 910 | _aVMateo V. Control de calidad. BPMSU | ||
| 942 |
_2ddc _cBK |
||
| 999 |
_c14521 _d14521 |
||